000 00893nam a2200265Ia 4500
003 OSt
005 20221005092145.0
006 a|||||r|||| 00| 0
007 ta
008 221004b |||||||| |||| 00| 0 eng d
020 _a97804158988553 (hbk)
_c6592.80
024 _a119626
037 _b11-12997, 30/03/2012, Atlantic Publisher & Dist. Pvt Ltd.
_cTextual
040 _aCRL
_cCRL
_beng
041 _2eng
_aeng
082 _aR4,(L), Q2
100 _aKing Nancy M.P. Ed.
_9616971
245 0 _aBioethics, public moral argument, and social responsibility
260 _aNew York
_bRoutledge U.S.A
_c2012
300 _axv, 179p.
_ccm.
650 _aPHILOSOPHY
700 _a Hyde Michael J. Ed.
_980639
942 _hR4,(L), Q2
_cTEXL
_2cc
999 _c998451
_d998451